000 00358nam a2200145 i 4500
001 bg
100 1 _aMARCZENKO, Zygmunt
245 0 _aSpektrofotometryczne oznaczanie pierwiastków /
_cZygmunt Marczenko.
250 _aWyd.3 zm.
260 _aWarszawa,
_c1979.
040 _cBPK
041 _apol
942 _cKS
008 s pl f |000 0 pol
999 _c9982
_d9982
856 _uhttp://koha.tu.koszalin.pl/cgi-bin/koha/opac-detail.pl?biblionumber=9982
_yKatalog online BPK